A Kereskedelmi Kör...

Referát z mimoriadneho valného zhromaždenia Humenského kruhu obchodníkov, konanej 7. marca 1914. Predseda Dr. Ernest Moskovics. Členovia predsedníctva Dr. A. Grün a Dr. O. Barna predložili návrh, aby sa kruh stretával minimálne 1x mesačne, kde by sa predčítavalo alebo prednášalo o odbornej činnosti....

Full description

Bibliographic Details
Format: Article
Language:Hungarian
Subjects:
Source: 1. Felvidéki Hirlap 1. Roč. 7, č. 11 (15.03.1914) s. 2
LEADER 01047nab#a2200301#ar4500
001 000074446
003 SVKKK
005 20041227xxxxxxx.
008 06 c xo huno
FMT
038 |a SVKKK 
040 |a SVKKK  |b slo  |e AACR2 
041 0 |a hun 
044 |a xo  |c SK 
080 |a 339.37:061.2 
242 1 0 |a Kruh obchodníkov... 
245 0 0 |a A Kereskedelmi Kör... 
500 |a mikrofilm 
520 2 |a Referát z mimoriadneho valného zhromaždenia Humenského kruhu obchodníkov, konanej 7. marca 1914. Predseda Dr. Ernest Moskovics. Členovia predsedníctva Dr. A. Grün a Dr. O. Barna predložili návrh, aby sa kruh stretával minimálne 1x mesačne, kde by sa predčítavalo alebo prednášalo o odbornej činnosti. 
650 0 4 |a Humenský kruh obchodníkov - schôdza mimoriadna - Humenné - 7.03.1914 - referáty 
773 0 |t Felvidéki Hirlap  |g Roč. 7, č. 11 (15.03.1914) s. 2 
957 |a Humenné 
958 |a DG 
958 |a SK 
974 |a Ba  |d 20041227 
992 |a RBX 
BAS
998 |a RETRO